[Event "Satka-255"]
[Site "Satka"]
[Date "2013.07.07"]
[Round "6"]
[White "Yanko, Ivan"]
[Black "Pleshakov, Anton"]
[Result "0-1"]
[WhiteElo "1641"]
[BlackElo "2071"]
[PlyCount "138"]
[EventDate "2013.??.??"]
[EventType "swiss"]
[EventCountry "RUS"]
[SourceDate "2005.09.12"]

1. e4 c5 2. Nf3 e6 3. d4 cxd4 4. Nxd4 Nc6 5. Nc3 Qc7 6. Be2 a6 7. O-O Nf6 8.
Be3 Bb4 9. f3 O-O 10. a3 Bxc3 11. bxc3 d6 12. Nxc6 Qxc6 13. c4 Nd7 14. Rb1 Nc5
15. Qd2 e5 16. Rfd1 Rd8 17. Qa5 Be6 18. Bxc5 Qxc5+ 19. Qxc5 dxc5 20. Rxd8+ Rxd8
21. Rxb7 Kf8 22. Rc7 Rc8 23. Ra7 Rc6 24. Kf2 g6 25. Ke3 Kg7 26. f4 Kf6 27. h4
exf4+ 28. Kxf4 h6 29. e5+ Kg7 30. Bf3 Rb6 31. Bd5 Kf8 32. Rc7 Rb2 33. Rxc5 Rxc2
34. Rc6 a5 35. Ke3 Ke7 36. Kd4 Bxd5 37. cxd5 Rxg2 38. Rc7+ Ke8 39. Kc5 g5 40.
Kd6 Kf8 41. hxg5 hxg5 42. Rc8+ Kg7 43. Rc5 Re2 44. Rxa5 Kg6 45. Ra8 g4 46. Re8
Kg7 47. e6 f5 48. Re7+ Kg6 49. Re8 Kg7 50. Rb8 g3 51. Rb3 f4 52. Rb7+ Kg6 53.
Rb8 g2 54. Rg8+ Kf6 55. e7 f3 56. Rg3 f2 57. Rf3+ Kg7 58. Rxf2 Rxf2 59. e8=Q
Rf6+ 60. Kc7 g1=Q 61. Qe5 Qb6+ 62. Kd7 Kg8 63. Qe8+ Rf8 64. Qe6+ Qxe6+ 65. dxe6
Ra8 66. a4 Rxa4 67. e7 Rd4+ 68. Ke6 Re4+ 69. Kf6 Re1 0-1

[Event "Satka-255"]
[Site "Satka"]
[Date "2013.07.07"]
[Round "6"]
[White "Bogachev, Victor"]
[Black "Polosin, Evgeni"]
[Result "0-1"]
[WhiteElo "1932"]
[BlackElo "2114"]
[PlyCount "48"]
[EventDate "2013.??.??"]
[EventType "swiss"]
[EventCountry "RUS"]
[SourceDate "2005.09.12"]

1. e4 e5 2. Nf3 Nc6 3. Bb5 Nge7 4. O-O a6 5. Ba4 d6 6. c3 g6 7. d4 exd4 8. cxd4
b5 9. Bc2 Bg7 10. Nc3 O-O 11. h3 Bb7 12. Bg5 h6 13. Be3 Qd7 14. Qd2 Kh7 15.
Rad1 Rae8 16. Ne2 f5 17. exf5 Nxf5 18. Ng3 Nce7 19. Kh2 Bxf3 20. gxf3 Nh4 21.
Qd3 Nxf3+ 22. Kg2 Nh4+ 23. Kh2 Nd5 24. Rc1 Rf3 0-1

[Event "Satka-255"]
[Site "Satka"]
[Date "2013.07.07"]
[Round "6"]
[White "Kurshev, Nikita"]
[Black "Povolotsky, Evgeny"]
[Result "0-1"]
[WhiteElo "1822"]
[BlackElo "2079"]
[PlyCount "114"]
[EventDate "2013.??.??"]
[EventType "swiss"]
[EventCountry "RUS"]
[SourceDate "2005.09.12"]

1. d4 d5 2. c4 e6 3. Nc3 c6 4. cxd5 exd5 5. Bf4 Bd6 6. Bxd6 Qxd6 7. e3 Nf6 8.
Nf3 Bg4 9. Be2 Nbd7 10. a3 a5 11. Qb3 O-O 12. O-O b5 13. Qc2 Rfe8 14. Rfc1 Rac8
15. Nb1 Ne4 16. Nbd2 f5 17. Nf1 f4 18. Ne1 Bxe2 19. Qxe2 fxe3 20. Nxe3 Qf6 21.
Rd1 Re6 22. Qf3 Qe7 23. Nd3 Rf8 24. Qg4 Nxf2 25. Nxf2 Rxe3 26. Rf1 Nf6 27. Qh4
Qe6 28. Rad1 Re2 29. b4 axb4 30. axb4 Ra8 31. Nd3 Raa2 32. Nf4 Qe4 33. Qh3 Qe3+
34. Qxe3 Rxe3 35. Nd3 Ree2 36. Rf2 Rxf2 37. Nxf2 Rc2 38. Nd3 Ng4 39. Ra1 Rd2
40. Ne5 Nxe5 41. dxe5 Rd4 42. e6 Kf8 43. Ra7 Rxb4 44. Rc7 Rc4 45. Kf2 b4 46.
e7+ Ke8 47. Ke3 b3 48. Rb7 b2 49. Rxb2 Kxe7 50. Rb7+ Kf6 51. Kd3 h5 52. Rc7 g6
53. g3 Ke5 54. Rg7 Rg4 55. Re7+ Kd6 56. Ra7 c5 57. Ra6+ Ke5 0-1

[Event "Satka-255"]
[Site "Satka"]
[Date "2013.07.07"]
[Round "6"]
[White "Mikhailov, Vladimir"]
[Black "Ivanov, Stepan"]
[Result "0-1"]
[WhiteElo "1872"]
[BlackElo "2021"]
[PlyCount "120"]
[EventDate "2013.??.??"]
[EventType "swiss"]
[EventCountry "RUS"]
[SourceDate "2005.09.12"]

1. e4 c5 2. Nc3 Nc6 3. g3 g6 4. Bg2 Bg7 5. d3 d6 6. Nge2 e6 7. O-O Nge7 8. Bf4
O-O 9. Qd2 Re8 10. Bh6 Bh8 11. Nd1 Ne5 12. Ne3 f6 13. Nc4 Nf7 14. h4 b5 15. Na3
Rb8 16. Be3 b4 17. Nb1 Ne5 18. f3 N7c6 19. b3 Ba6 20. a4 f5 21. Ra2 Qa5 22. Bh3
c4 23. d4 c3 24. Qd1 Nf7 25. Rf2 fxe4 26. fxe4 Qh5 27. Bf1 Nh6 28. Nexc3 Bxf1
29. Qxh5 gxh5 30. Bxh6 Bxd4 31. Kxf1 Bxf2 32. Kxf2 bxc3 33. Nxc3 Ne5 34. Bg5
Ng4+ 35. Ke2 Rf8 36. Be3 a6 37. Nd1 d5 38. Bc5 Rfc8 39. b4 dxe4 40. Ne3 Nf6 41.
c3 Nd5 42. Nxd5 exd5 43. Rd2 Rd8 44. Ke3 Kf7 45. Kd4 Ke6 46. Rb2 Rg8 47. Rg2
Rg4 48. Ke3 Rb7 49. Ke2 Rf7 50. Bf2 Rf3 51. Kd2 Rg7 52. b5 axb5 53. axb5 Rd3+
54. Kc2 Rc7 55. Be1 Rb7 56. g4 hxg4 57. Rxg4 Rxb5 58. Rg7 Ra5 59. Rg5 Ra1 60.
Rg1 Rdd1 0-1

[Event "Satka-255"]
[Site "Satka"]
[Date "2013.07.07"]
[Round "6"]
[White "Soldatenkov, Anton"]
[Black "Kazantsev, Nikita"]
[Result "0-1"]
[WhiteElo "1796"]
[BlackElo "1951"]
[PlyCount "150"]
[EventDate "2013.??.??"]
[EventType "swiss"]
[EventCountry "RUS"]
[SourceDate "2005.09.12"]

1. e4 e5 2. Nf3 Nc6 3. Bc4 Bc5 4. d3 d6 5. c3 Nf6 6. Nbd2 O-O 7. h3 d5 8. Bb3
Be6 9. O-O h6 10. Re1 Re8 11. Qe2 Nh5 12. Nf1 dxe4 13. dxe4 Bxb3 14. axb3 Qf6
15. b4 Bb6 16. b5 Ne7 17. g3 Qe6 18. Kh2 Nf6 19. Be3 Ng6 20. Bxb6 Qxb6 21. Ne3
Rad8 22. Nc4 Qxb5 23. Rxa7 Qc6 24. Ra5 b6 25. Raa1 b5 26. Na5 Qb6 27. b4 Ra8
28. Nb3 Rxa1 29. Rxa1 Nxe4 30. Qxe4 Qxf2+ 31. Kh1 Qxg3 32. Qg4 Qf2 33. Nbd2 Rd8
34. Ne4 Qe3 35. Rg1 h5 36. Qf5 Qf4 37. Qxf4 exf4 38. Rg5 Rd3 39. Kg2 Re3 40.
Ned2 Rxc3 41. Rxb5 Rc2 42. Rxh5 Rb2 43. Rb5 c5 44. Rxc5 Rxb4 45. Rc8+ Nf8 46.
Ne5 Rb2 47. Rd8 g6 48. Kf3 Kg7 49. h4 Rb5 50. Ndc4 Rb3+ 51. Rd3 Rb4 52. Nd6 f5
53. Ne8+ Kh7 54. Nf6+ Kg7 55. Nd5 Re4 56. Nc6 Ne6 57. Ra3 g5 58. hxg5 Nxg5+ 59.
Kf2 f3 60. Re3 Rc4 61. Ncb4 Rh4 62. Nd3 Rh2+ 63. Kf1 Ne4 64. Nf2 Rxf2+ 65. Ke1
Rd2 66. Rxe4 f2+ 67. Kf1 fxe4 68. Ne3 Ra2 69. Ng4 Kg6 70. Nxf2 Kf5 71. Ke1 Kf4
72. Nd1 Kf3 73. Nc3 Ra1+ 74. Kd2 e3+ 75. Kd3 Ra3 0-1

[Event "Satka-255"]
[Site "Satka"]
[Date "2013.07.07"]
[Round "6"]
[White "Vyalykh, Anastasiya"]
[Black "Gabaidulina, Olga"]
[Result "1/2-1/2"]
[WhiteElo "1779"]
[BlackElo "1892"]
[PlyCount "41"]
[EventDate "2013.??.??"]
[EventType "swiss"]
[EventCountry "RUS"]
[SourceDate "2005.09.12"]

1. e4 e5 2. Nf3 Nc6 3. Bb5 a6 4. Ba4 Nf6 5. O-O Be7 6. Re1 b5 7. Bb3 d6 8. c3
O-O 9. h3 Na5 10. Bc2 c5 11. d4 d5 12. dxe5 Nxe4 13. Bxe4 dxe4 14. Qxd8 Rxd8
15. Rxe4 Bb7 16. Re1 Bxf3 17. gxf3 Rd3 18. Kg2 Rad8 19. Na3 b4 20. cxb4 cxb4
21. Nc2 1/2-1/2

[Event "Satka-255"]
[Site "Satka"]
[Date "2013.07.07"]
[Round "6"]
[White "Leolko, Ludmila"]
[Black "Khazov, Anton"]
[Result "1/2-1/2"]
[WhiteElo "1792"]
[BlackElo "1976"]
[PlyCount "101"]
[EventDate "2013.??.??"]
[EventType "swiss"]
[EventCountry "RUS"]
[SourceDate "2005.09.12"]

1. e4 c5 2. Nf3 e6 3. d4 cxd4 4. Nxd4 a6 5. c4 Qc7 6. Nc3 Nf6 7. Be2 Be7 8. Be3
O-O 9. O-O d6 10. Rc1 b6 11. f3 Bb7 12. Qd2 Nbd7 13. Rfd1 Rac8 14. a3 Rfd8 15.
Bf1 Ne5 16. b3 d5 17. exd5 Bxa3 18. Ra1 Bc5 19. dxe6 Bxd4 20. exf7+ Kxf7 21.
Bxd4 Bxf3 22. Bxe5 Rxd2 23. Bxc7 Bxd1 24. Bf4 Rb2 25. Nxd1 Rxb3 26. Rxa6 Rd8
27. Ra1 Kg6 28. Nf2 Kf5 29. Bg3 Ne4 30. Nxe4 Kxe4 31. Re1+ Kf5 32. Re5+ Kf6 33.
Rb5 Rxb5 34. cxb5 Rd7 35. Kf2 Kf5 36. Ke3 h5 37. Bd3+ Kg4 38. Be2+ Kg5 39. Bf4+
Kh4 40. Bf3 Re7+ 41. Kd4 Rf7 42. Ke5 g6 43. Bg3+ Kg5 44. Bf2 Rf5+ 45. Kd6 Rxb5
46. Kc6 Rb2 47. Bxb6 Kf4 48. Bc7+ Ke3 49. Kd5 Rb5+ 50. Kc4 Rb1 51. Kd5 1/2-1/2

[Event "Satka-255"]
[Site "Satka"]
[Date "2013.07.07"]
[Round "6"]
[White "Akhunova, Narkas"]
[Black "Muksimova, Oksana"]
[Result "0-1"]
[WhiteElo "1749"]
[BlackElo "1807"]
[PlyCount "104"]
[EventDate "2013.??.??"]
[EventType "swiss"]
[EventCountry "RUS"]
[SourceDate "2005.09.12"]

1. e4 e5 2. Nf3 Nc6 3. Bb5 a6 4. Ba4 Nf6 5. O-O b5 6. Bb3 Bc5 7. h3 d6 8. Re1
Na5 9. c3 Nxb3 10. Qxb3 Be6 11. Qc2 O-O 12. d4 exd4 13. cxd4 Bb6 14. Bg5 Qd7
15. Kh2 c6 16. Bh4 d5 17. Nbd2 dxe4 18. Bxf6 exf3 19. Ne4 fxg2 20. Rg1 Bxd4 21.
Rxg2 g6 22. Qd2 Qc7+ 23. Rg3 Bxf6 24. Nxf6+ Kg7 25. Nh5+ Kh8 26. Nf6 Qe5 27.
Ng4 Bxg4 28. hxg4 Rfd8 29. Qc2 Rd6 30. Kh3 Rad8 31. Re3 Qf6 32. Rae1 Kg7 33.
R1e2 Rd4 34. Re4 Qf3+ 35. Kh2 Rxe4 36. Rxe4 Rd1 37. Qc3+ Qxc3 38. bxc3 Rd2 39.
Kg3 Rxa2 40. f3 Rc2 41. Re3 a5 42. Kf4 a4 43. Ke5 a3 44. Kd6 a2 45. Kxc6 a1=Q
46. Kxb5 Rxc3 47. Re4 Rb3+ 48. Kc4 Qa4+ 49. Kd5 Rb5+ 50. Kc6 Qa6+ 51. Kd7 Rb7+
52. Ke8 Qa8# 0-1

[Event "Satka-255"]
[Site "Satka"]
[Date "2013.07.07"]
[Round "6"]
[White "Kiseleva, Olga"]
[Black "Fedotov, Danil"]
[Result "0-1"]
[WhiteElo "1737"]
[BlackElo "1802"]
[PlyCount "80"]
[EventDate "2013.??.??"]
[EventType "swiss"]
[EventCountry "RUS"]
[SourceDate "2005.09.12"]

1. e4 e5 2. Nf3 Nc6 3. Bb5 a6 4. Bxc6 dxc6 5. O-O Bg4 6. h3 Bxf3 7. Qxf3 Bc5 8.
d3 Ne7 9. Be3 Qd6 10. Nd2 Bxe3 11. fxe3 O-O 12. Nc4 Qe6 13. Qg3 f6 14. Nd2 c5
15. Qf2 Rad8 16. b3 Nc6 17. Nf3 Rf7 18. Nh4 Rfd7 19. Nf5 Ne7 20. Nxe7+ Qxe7 21.
Rad1 b5 22. Rfe1 Qe6 23. Qe2 Qc6 24. c3 a5 25. Qc2 Rd6 26. Rd2 Qb6 27. Kh1 b4
28. c4 Qc6 29. Kg1 Qd7 30. Red1 g6 31. Qb2 Qc6 32. Qc2 Kg7 33. Rf2 a4 34. Qb1
Qxe4 35. Rxf6 Qxe3+ 36. Rf2 axb3 37. axb3 Rf6 38. Rdf1 Rdf8 39. Qc2 Rxf2 40.
Rxf2 Qe1+ 0-1

[Event "Satka-255"]
[Site "Satka"]
[Date "2013.07.07"]
[Round "6"]
[White "Akhunova, Syumbel"]
[Black "Buldakova, Irina"]
[Result "1/2-1/2"]
[WhiteElo "1842"]
[BlackElo "1726"]
[PlyCount "52"]
[EventDate "2013.??.??"]
[EventType "swiss"]
[EventCountry "RUS"]
[SourceDate "2005.09.12"]

1. d4 Nf6 2. c4 e6 3. Nc3 Bb4 4. e3 c5 5. Nge2 O-O 6. a3 Bxc3+ 7. Nxc3 cxd4 8.
exd4 d5 9. b3 Nc6 10. Be3 b6 11. Be2 Bb7 12. O-O Rc8 13. Rc1 Na5 14. Nb1 Qd7
15. Nd2 dxc4 16. bxc4 Rfd8 17. Nb3 Nxc4 18. Bxc4 Rxc4 19. Rxc4 Qd5 20. Qf3 Qxc4
21. Qxb7 Qxb3 22. Qxa7 Nd5 23. Re1 h6 24. Qa6 Qc3 25. Rc1 Qb3 26. Re1 Qc3
1/2-1/2

[Event "Satka-255"]
[Site "Satka"]
[Date "2013.07.07"]
[Round "6"]
[White "Allayarova, Lira"]
[Black "Kuparev, Alexander"]
[Result "1/2-1/2"]
[WhiteElo "1599"]
[BlackElo "1804"]
[PlyCount "57"]
[EventDate "2013.??.??"]
[EventType "swiss"]
[EventCountry "RUS"]
[SourceDate "2005.09.12"]

1. d4 d5 2. c4 c6 3. Nc3 Nf6 4. Bf4 e6 5. e3 Nbd7 6. Nf3 Be7 7. cxd5 exd5 8.
Bd3 O-O 9. O-O Re8 10. Qc2 Nf8 11. h3 Ng6 12. Bg3 Bd6 13. Bxd6 Qxd6 14. Nd2 Bd7
15. Ne2 Re7 16. Ng3 Rae8 17. Rac1 Nh4 18. Kh1 Bc8 19. Nf5 Bxf5 20. Bxf5 Ne4 21.
Bxe4 dxe4 22. Rg1 Qd7 23. Qd1 Qf5 24. Qe2 Re6 25. Rc5 Qf6 26. Nf1 Qd8 27. Ng3
Rh6 28. Rh5 Ree6 29. Qg4 1/2-1/2

[Event "Satka-255"]
[Site "Satka"]
[Date "2013.07.07"]
[Round "7"]
[White "Panov, Maksim"]
[Black "Matveev, Vladimir"]
[Result "0-1"]
[WhiteElo "2093"]
[BlackElo "2345"]
[PlyCount "110"]
[EventDate "2013.??.??"]
[EventType "swiss"]
[EventCountry "RUS"]
[SourceDate "2005.09.12"]

1. c4 Nf6 2. Nc3 g6 3. g3 Bg7 4. Bg2 O-O 5. e3 e5 6. Nge2 d6 7. O-O Nbd7 8. Rb1
Re8 9. d3 Nc5 10. b4 Ne6 11. e4 c6 12. h3 Nh5 13. b5 Qa5 14. Qa4 Qc7 15. bxc6
bxc6 16. Ba3 Bd7 17. Qa6 Reb8 18. Rxb8+ Rxb8 19. Rb1 Rxb1+ 20. Nxb1 Nf6 21. Nd2
Bc8 22. Qa4 Nd7 23. Nb3 Bf8 24. h4 Qb6 25. Qb4 Ndc5 26. Nxc5 Nxc5 27. Qxb6 axb6
28. d4 Na4 29. d5 c5 30. Nc1 Ba6 31. Bf1 Bh6 32. Bd3 Bd2 33. Ne2 Kf8 34. Kf1
Ke7 35. Bc2 b5 36. Bc1 Ba5 37. f4 f6 38. fxe5 dxe5 39. Kf2 Nb6 40. cxb5 Bxb5
41. g4 Bd7 42. Kf3 Nc4 43. Ng3 Nd6 44. Ba3 Bb6 45. Bd3 Nb5 46. Bxb5 Bxb5 47.
Ne2 Kd6 48. Nc3 Bd7 49. Bc1 Ba5 50. Bd2 Bb4 51. g5 f5 52. Ke3 f4+ 53. Kd3 Bh3
54. Nb5+ Kd7 55. Ke2 f3+ 0-1

[Event "Satka-255"]
[Site "Satka"]
[Date "2013.07.07"]
[Round "7"]
[White "Looshnikov, Nikolai"]
[Black "Shelokov, Valery"]
[Result "1-0"]
[WhiteElo "2491"]
[BlackElo "1982"]
[PlyCount "49"]
[EventDate "2013.??.??"]
[EventType "swiss"]
[EventCountry "RUS"]
[SourceDate "2005.09.12"]

1. e4 c5 2. Nf3 d6 3. Bc4 Nc6 4. O-O Nf6 5. Re1 e6 6. Bb3 Be7 7. c3 O-O 8. d4
cxd4 9. cxd4 e5 10. h3 h6 11. Nc3 a6 12. Be3 b5 13. dxe5 Nxe5 14. Nd5 Bb7 15.
Bb6 Nxf3+ 16. Qxf3 Qd7 17. Nxe7+ Qxe7 18. Bd4 Nd7 19. Qg3 Qg5 20. Qxd6 Rad8 21.
Qc7 Ba8 22. Re3 Nf6 23. Rg3 Qh4 24. Bxf7+ Kh8 25. Bd5 1-0

[Event "Satka-255"]
[Site "Satka"]
[Date "2013.07.07"]
[Round "7"]
[White "Imashev, Ildar"]
[Black "Baigildin, Albert"]
[Result "0-1"]
[WhiteElo "2273"]
[BlackElo "2191"]
[PlyCount "116"]
[EventDate "2013.??.??"]
[EventType "swiss"]
[EventCountry "RUS"]
[SourceDate "2005.09.12"]

1. c4 Nf6 2. Nc3 d5 3. cxd5 Nxd5 4. Nf3 Nxc3 5. bxc3 g6 6. d4 Bg7 7. e4 O-O 8.
Be2 c5 9. Rb1 cxd4 10. cxd4 Qa5+ 11. Bd2 Qxa2 12. O-O Bg4 13. Bg5 h6 14. Be3 b6
15. h3 Bxf3 16. Bxf3 e5 17. d5 Nd7 18. Be2 Qa3 19. Bb5 Qd6 20. Bc6 Rac8 21. Qa4
Rc7 22. Rfc1 Rd8 23. Rc4 Nb8 24. Rbc1 Rdc8 25. Bb5 Bf8 26. R1c3 Kg7 27. Qa1
Rxc4 28. Rxc4 Rxc4 29. Bxc4 Qc7 30. Bb5 Kh7 31. Qa4 Bd6 32. h4 h5 33. g3 a5 34.
Qb3 Kg7 35. Be8 Na6 36. Qxb6 Qxb6 37. Bxb6 Bc7 38. Be3 Bd6 39. Kf1 Kf8 40. Bb5
Nc5 41. f3 Nb7 42. Bc6 Nc5 43. Ke2 Ke7 44. Kd2 f5 45. Bg5+ Kf7 46. exf5 gxf5
47. Kc3 e4 48. f4 e3 49. Bb5 a4 50. Bd8 a3 51. Bc4 Na4+ 52. Kb3 a2 53. Kxa2
Nc3+ 54. Kb3 e2 55. Bxe2 Nxe2 56. Kc4 Ke8 57. Bg5 Nxg3 58. Kd3 Ne4 0-1

[Event "Satka-255"]
[Site "Satka"]
[Date "2013.07.07"]
[Round "7"]
[White "Semenova, Alena"]
[Black "Vaseptsov, Maxim"]
[Result "1-0"]
[WhiteElo "1951"]
[BlackElo "2207"]
[PlyCount "75"]
[EventDate "2013.??.??"]
[EventType "swiss"]
[EventCountry "RUS"]
[SourceDate "2005.09.12"]

1. e4 c5 2. Nc3 Nc6 3. f4 d6 4. Nf3 Nf6 5. Bb5 g6 6. O-O Bg7 7. d3 O-O 8. Bxc6
bxc6 9. Qe1 c4 10. d4 Bg4 11. Kh1 Bxf3 12. Rxf3 Nh5 13. e5 Qd7 14. Be3 f5 15.
Qe2 Qe6 16. Rff1 Rab8 17. b3 Rfc8 18. Rab1 cxb3 19. axb3 c5 20. d5 Qd7 21. Bd2
Rb4 22. Ra1 Kh8 23. Ra6 dxe5 24. fxe5 Rb6 25. Rfa1 Rxa6 26. Rxa6 Qc7 27. d6
exd6 28. exd6 Qd8 29. Qe7 Bf8 30. Qf7 Qh4 31. Ne2 Bg7 32. Rxa7 Rf8 33. Qe7 Qf2
34. Bc3 Rg8 35. Bxg7+ Nxg7 36. Ng1 Qd4 37. d7 h5 38. Rc7 1-0

[Event "Satka-255"]
[Site "Satka"]
[Date "2013.07.07"]
[Round "7"]
[White "Pleshakov, Anton"]
[Black "Khafizova, Yana"]
[Result "1-0"]
[WhiteElo "2071"]
[BlackElo "1938"]
[PlyCount "89"]
[EventDate "2013.??.??"]
[EventType "swiss"]
[EventCountry "RUS"]
[SourceDate "2005.09.12"]

1. e4 e5 2. Nf3 Nc6 3. Bc4 Nf6 4. d3 Be7 5. c3 O-O 6. Bb3 d5 7. Qe2 Bg4 8. O-O
d4 9. h3 Bh5 10. g4 Bg6 11. Nbd2 Nd7 12. Rd1 Nc5 13. Bd5 dxc3 14. bxc3 Na4 15.
Nb1 Bd6 16. Be3 Qd7 17. Nh4 Nd8 18. Nf5 Nb6 19. Bb3 c5 20. h4 h6 21. Nd2 Ne6
22. a4 Rfe8 23. a5 Nc8 24. Ba4 Qd8 25. Bxe8 Qxe8 26. Nc4 Bc7 27. Rab1 Rb8 28.
h5 Bh7 29. Rb2 b6 30. axb6 axb6 31. Na3 Nd6 32. Nxd6 Bxd6 33. Rdb1 Qd8 34. Nb5
Be7 35. c4 Bg5 36. Nc3 Bf4 37. Nd5 g6 38. hxg6 Bxg6 39. Rxb6 Ra8 40. Bxf4 exf4
41. Qb2 Qg5 42. Nf6+ Kf8 43. e5 Kg7 44. Rxe6 fxe6 45. Qb7+ 1-0

[Event "Satka-255"]
[Site "Satka"]
[Date "2013.07.07"]
[Round "7"]
[White "Myakota, Sergei"]
[Black "Sofyin, Pavel"]
[Result "1/2-1/2"]
[WhiteElo "2049"]
[BlackElo "2026"]
[PlyCount "152"]
[EventDate "2013.??.??"]
[EventType "swiss"]
[EventCountry "RUS"]
[SourceDate "2005.09.12"]

1. Nf3 d5 2. c4 c6 3. cxd5 cxd5 4. d4 Nf6 5. Nc3 Nc6 6. Bf4 e6 7. e3 Bb4 8. Bd3
O-O 9. O-O a6 10. Rc1 Bd6 11. Bxd6 Qxd6 12. e4 dxe4 13. Nxe4 Nxe4 14. Bxe4 Qf4
15. Bxc6 bxc6 16. Qa4 c5 17. Rxc5 Bb7 18. Ne5 Rad8 19. Rd1 Rd6 20. Qb4 f6 21.
Qxb7 fxe5 22. Rc2 exd4 23. g3 Qf5 24. Qc7 Qf3 25. Rcd2 Rc6 26. Qe5 Rf5 27. Qxd4
Rd5 28. Qe3 Qxd1+ 29. Rxd1 Rxd1+ 30. Kg2 Rdd6 31. h4 h6 32. g4 e5 33. Qxe5 Re6
34. Qf5 Rf6 35. Qd5+ Kh7 36. g5 hxg5 37. hxg5 Rfd6 38. Qe4+ g6 39. Kg3 Re6 40.
Qh1+ Kg8 41. Qd1 Rcd6 42. Qb3 Rb6 43. Qd5 Rbd6 44. Qa8+ Kg7 45. b4 Rb6 46. Qd5
Rbd6 47. Qc5 Rc6 48. Qd4+ Kg8 49. a4 Rcd6 50. Qc4 Kg7 51. b5 axb5 52. axb5 Kf8
53. Kg4 Kg7 54. f4 Rb6 55. f5 gxf5+ 56. Kxf5 Rg6 57. Qd4+ Kg8 58. Kg4 Rbd6 59.
Qc4+ Kg7 60. Kh5 Rb6 61. Qc7+ Kg8 62. Qe5 Rbd6 63. Qe8+ Kg7 64. Qc8 Rb6 65. Kg4
Rgd6 66. Kf4 Rg6 67. Ke4 Rbd6 68. Ke5 Rb6 69. Qc7+ Kg8 70. Kd4 Rbe6 71. Qc8+
Kg7 72. Qd7+ Kg8 73. Kc4 Rd6 74. Qe8+ Kg7 75. Kc5 Rde6 76. Qd7+ Kg8 1/2-1/2

[Event "Satka-255"]
[Site "Satka"]
[Date "2013.07.07"]
[Round "7"]
[White "Polosin, Evgeni"]
[Black "Kanakin, Konstantin"]
[Result "0-1"]
[WhiteElo "2114"]
[BlackElo "1987"]
[PlyCount "142"]
[EventDate "2013.??.??"]
[EventType "swiss"]
[EventCountry "RUS"]
[SourceDate "2005.09.12"]

1. e4 c5 2. Nf3 Nc6 3. d4 cxd4 4. c3 dxc3 5. Nxc3 g6 6. Bc4 Bg7 7. O-O Nf6 8.
e5 Ng4 9. Bxf7+ Kxf7 10. Ng5+ Ke8 11. Qxg4 Nxe5 12. Qe4 Nf7 13. Re1 e6 14. h4
Bxc3 15. bxc3 Qf6 16. Nxf7 Qxf7 17. Re3 Rf8 18. Ba3 Qxf2+ 19. Kh1 Rf4 20. Qe5
Rxh4+ 21. Rh3 Rxh3+ 22. gxh3 Qf3+ 23. Kg1 d6 24. Bxd6 Qd5 25. Qh8+ Kd7 26. Bf4
Kc6 27. c4 Qc5+ 28. Kh1 b6 29. Qd8 Kb7 30. Rd1 Ka6 31. Qd4 Bb7+ 32. Kh2 Qxd4
33. Rxd4 e5 34. Bxe5 Re8 35. Bf6 Re2+ 36. Kg3 Rxa2 37. Rd7 Ra3+ 38. Kh2 h5 39.
Rc7 Rf3 40. Bd4 Rd3 41. Bf6 Rd6 42. Be5 Rc6 43. Rg7 Rxc4 44. Rxg6 Rc2+ 45. Kg1
Bc6 46. Rg7 b5 47. Bd4 Bb7 48. Rg6+ Rc6 49. Rg3 b4 50. Rb3 Rc4 51. Bf2 Be4 52.
Rb2 Kb7 53. Kf1 a5 54. Ke1 a4 55. Bc5 b3 56. Ba3 Bc2 57. Kd2 Rh4 58. Kc3 Rxh3+
59. Kb4 Rh4+ 60. Ka5 Rg4 61. Bd6 h4 62. Bh2 a3 63. Rxb3+ Bxb3 64. Kb5 a2 65.
Be5 Rg5 66. Kc5 Rxe5+ 67. Kd6 Rd5+ 68. Ke6 a1=Q 69. Kf7 Rd6+ 70. Ke8 Qh8+ 71.
Ke7 Qd8# 0-1

[Event "Satka-255"]
[Site "Satka"]
[Date "2013.07.07"]
[Round "7"]
[White "Povolotsky, Evgeny"]
[Black "Kazantsev, Nikita"]
[Result "1/2-1/2"]
[WhiteElo "2079"]
[BlackElo "1951"]
[PlyCount "55"]
[EventDate "2013.??.??"]
[EventType "swiss"]
[EventCountry "RUS"]
[SourceDate "2005.09.12"]

1. Nf3 Nf6 2. c4 g6 3. b3 Bg7 4. Bb2 O-O 5. e3 d6 6. Be2 Nbd7 7. O-O c6 8. d4
Qc7 9. Nbd2 e5 10. dxe5 Nxe5 11. Nxe5 dxe5 12. Nf3 Ne4 13. Qc2 Nc5 14. b4 Bf5
15. Qc1 Bd3 16. Re1 Bxe2 17. Rxe2 Nd3 18. Qc3 Rfd8 19. Rb1 Nxb2 20. Qxb2 e4 21.
Nd4 Qe7 22. Rd1 a5 23. a3 axb4 24. axb4 Ra4 25. c5 Raa8 26. Red2 h5 27. Qc2
Bxd4 28. Rxd4 1/2-1/2

[Event "Satka-255"]
[Site "Satka"]
[Date "2013.07.07"]
[Round "7"]
[White "Fedotov, Danil"]
[Black "Tsvetkov, Pavel"]
[Result "0-1"]
[WhiteElo "1802"]
[BlackElo "2123"]
[PlyCount "182"]
[EventDate "2013.??.??"]
[EventType "swiss"]
[EventCountry "RUS"]
[SourceDate "2005.09.12"]

1. e4 e5 2. Nf3 Nc6 3. Bb5 f5 4. Bxc6 dxc6 5. Nxe5 Qd4 6. Nf3 Qxe4+ 7. Qe2 Nf6
8. Nc3 Qxe2+ 9. Nxe2 Nd5 10. a3 Bd6 11. b3 O-O 12. O-O Re8 13. Nc3 Nxc3 14.
dxc3 c5 15. Re1 Bd7 16. Bd2 Bc6 17. Ng5 h6 18. Nh3 Be4 19. Rac1 g5 20. f4 g4
21. Nf2 Bc6 22. c4 a5 23. a4 b6 24. Nd3 Rad8 25. Bc3 Be4 26. g3 Bf8 27. Nf2 Bf3
28. Kf1 Kf7 29. Rxe8 Kxe8 30. Nd3 Bd6 31. Kf2 Kf7 32. h4 Be4 33. Ke3 Bf3 34.
Kd2 Be4 35. Ke3 Kg6 36. Rf1 c6 37. Kd2 Kh5 38. Ke3 Rd7 39. Kd2 Be7 40. Ke3 Bd8
41. Be5 Rb7 42. Bc3 Re7 43. Kf2 Bc7 44. Re1 Rd7 45. Ke3 Rd8 46. Rf1 Re8 47. Kf2
Bd8 48. Re1 Re6 49. Re2 Rg6 50. Kg1 Rd6 51. Re3 Rd7 52. Kf2 Rb7 53. Re2 Rb8 54.
Ke1 Bxh4 55. gxh4 g3 56. Kf1 Kg4 57. Bd2 Kxh4 58. Be1 Kh3 59. Re3 Rg8 60. Bxg3
Bxd3+ 61. Rxd3 Rxg3 62. Rd6 h5 63. Rxc6 Rf3+ 64. Kg1 Rxf4 65. Rxb6 Kg3 66. Rg6+
Kf3 67. Rh6 h4 68. Kh2 Rd4 69. Kh3 Rd1 70. Kxh4 Rh1+ 71. Kg5 Rxh6 72. Kxh6 f4
73. b4 cxb4 74. c5 Ke3 75. c6 f3 76. c7 f2 77. c8=Q f1=Q 78. Qc5+ Kd2 79. Qxa5
Qf6+ 80. Kh5 Qf7+ 81. Kh6 Qf8+ 82. Kh5 Kxc2 83. Qc7+ Kb1 84. a5 b3 85. Qc3 Qa3
86. Qd3+ Ka2 87. Qd2+ b2 88. Kh4 Qe7+ 89. Kh3 Qe6+ 90. Kh4 Qc4+ 91. Kh5 Ka1 0-1

[Event "Satka-255"]
[Site "Satka"]
[Date "2013.07.07"]
[Round "7"]
[White "Gabaidulina, Olga"]
[Black "Yanko, Ivan"]
[Result "1-0"]
[WhiteElo "1892"]
[BlackElo "1641"]
[PlyCount "29"]
[EventDate "2013.??.??"]
[EventType "swiss"]
[EventCountry "RUS"]
[SourceDate "2005.09.12"]

1. e4 e5 2. Nf3 Nc6 3. Bb5 a6 4. Ba4 Nf6 5. O-O d6 6. Bxc6+ bxc6 7. d4 exd4 8.
Qxd4 Bb7 9. Bg5 c5 10. Bxf6 gxf6 11. Qa4+ Qd7 12. Qxd7+ Kxd7 13. Nc3 Rg8 14.
Nd5 Ke6 15. Nxc7+ 1-0

[Event "Satka-255"]
[Site "Satka"]
[Date "2013.07.07"]
[Round "7"]
[White "Muksimova, Oksana"]
[Black "Vyalykh, Anastasiya"]
[Result "1/2-1/2"]
[WhiteElo "1807"]
[BlackElo "1779"]
[PlyCount "20"]
[EventDate "2013.??.??"]
[EventType "swiss"]
[EventCountry "RUS"]
[SourceDate "2005.09.12"]

1. d4 Nf6 2. Nf3 g6 3. c4 Bg7 4. Nc3 O-O 5. e3 d6 6. e4 c6 7. Be2 Nbd7 8. O-O
e5 9. d5 c5 10. Nb5 Nb6 1/2-1/2

[Event "Satka-255"]
[Site "Satka"]
[Date "2013.07.07"]
[Round "7"]
[White "Grigorieva, Yulia"]
[Black "Bogachev, Victor"]
[Result "0-1"]
[WhiteElo "1754"]
[BlackElo "1932"]
[PlyCount "84"]
[EventDate "2013.??.??"]
[EventType "swiss"]
[EventCountry "RUS"]
[SourceDate "2005.09.12"]

1. d4 d5 2. c4 c6 3. Nc3 Nf6 4. cxd5 cxd5 5. Qc2 g6 6. Nf3 Nc6 7. Bg5 Bg7 8. e3
O-O 9. a3 Bg4 10. Bxf6 Bxf6 11. Qb3 Bxf3 12. gxf3 e6 13. Qxb7 Na5 14. Qa6 Nb3
15. Rb1 e5 16. dxe5 Bxe5 17. Qd3 Qa5 18. Bh3 d4 19. exd4 Bxd4 20. O-O Rad8 21.
Qc2 Qg5+ 22. Kh1 Nd2 23. Rg1 Qf4 24. Rbd1 Be5 25. Rg2 Nxf3 26. Rg3 Rd2 27. Rxd2
Nxd2 28. Rg2 Rd8 29. Ne2 Qf6 30. b4 Nf3 31. Ng3 Rd2 32. Qc8+ Kg7 33. Qc1 Qd8
34. Nf5+ Kh8 35. Ne3 Bf4 36. Bg4 Nh4 37. Qc3+ Kg8 38. Rg3 Qa8+ 39. Kg1 Qd8 40.
Kh1 Rxf2 41. Rh3 Bxe3 42. Rxh4 Qa8+ 0-1